[Event "23rd Hoogeveen Open 2019"]
[Site "Hoogeveen"]
[Date "2019.10.26"]
[Round "9.2"]
[White "Beerdsen, Thomas"]
[Black "Moksh Amit Doshi"]
[Result "1/2-1/2"]
[WhiteElo "2472"]
[BlackElo "2328"]
[Annotator "ChessBase"]
[PlyCount "44"]
[EventDate "2019.10.19"]
[EventType "swiss"]
[EventCountry "NED"]
[SourceTitle "playchess.com"]
[Source "ChessBase"]
[SourceQuality "1"]
[TimeControl "40/5400+30:1800+30"]

1. e4 {[%emt 0:01:19]} c5 {[%emt 0:00:42]} 2. Nf3 {[%emt 0:00:06]} d6 {[%emt 0:00:05]} 3. d4 {[%emt 0:00:05]} cxd4 {[%emt 0:00:05]} 4. Nxd4 {[%emt 0:00:04]} Nf6 {[%emt 0:00:07]} 5. Nc3 {[%emt 0:00:04]} a6 {[%emt 0:00:06]} 6. Bd3 {[%emt 0:00:06]} e5 {[%emt 0:02:37]} 7. Nde2 {[%emt 0:00:23]} Be7 {[%emt 0:00:05]} 8. O-O {[%emt 0:00:26]} O-O {[%emt 0:00:06]} 9. Ng3 {[%emt 0:00:26]} Be6 {[%emt 0:00:05]} 10. Nd5 {[%emt 0:00:47]} Bxd5 {[%emt 0:00:07]} 11. exd5 {[%emt 0:00:05]} g6 {[%emt 0:01:46]} 12. c4 {[%emt 0:05:13]} Nbd7 {[%emt 0:00:43]} 13. Be3 {[%emt 0:06:15]} Ne8 {[%emt 0:02:09]} 14. f3 {[%emt 0:06:08]} f5 {[%emt 0:01:25]} 15. Bf2 {[%emt 0:01:30]} Bh4 {[%emt 0:05:08]} 16. b4 {[%emt 0:03:27]} Nef6 {[%emt 0:07:34]} 17. Rc1 {[%emt 0:10:46]} f4 {[%emt 0:01:33]} 18. Nh1 {[%emt 0:04:57]} Bxf2+ {[%emt 0:01:47]} 19. Nxf2 {[%emt 0:00:12]} a5 {[%emt 0:00:48]} 20. a3 {[%emt 0:01:55]} axb4 {[%emt 0:00:34]} 21. axb4 {[%emt 0:00:05]} Qb6 {[%emt 0:00:15]} 22. Qd2 {[%emt 0:10:40]} Ra4 {[%emt 0:00:40]} 1/2-1/2

[Event "23rd Hoogeveen Open 2019"]
[Site "Hoogeveen"]
[Date "2019.10.26"]
[Round "9.3"]
[White "Akash, Ganesan"]
[Black "Harutjunyan, Gevorg"]
[Result "1-0"]
[WhiteElo "2449"]
[BlackElo "2428"]
[Annotator "NA"]
[PlyCount "47"]
[EventDate "2019.10.19"]
[EventType "swiss"]
[EventCountry "NED"]
[SourceTitle "playchess.com"]
[Source "ChessBase"]
[SourceQuality "1"]
[TimeControl "40/5400+30:1800+30"]

1. e4 {[%emt 0:00:00]} c5 {[%emt 0:00:00]} 2. Nf3 {[%emt 0:00:00]} e6 {[%emt 0:00:00]} 3. d4 {[%emt 0:00:00]} cxd4 {[%emt 0:00:00]} 4. Nxd4 {[%emt 0:00:00]} a6 {[%emt 0:00:00]} 5. Nc3 {[%emt 0:00:11]} Qc7 {[%emt 0:00:20]} 6. Bd3 {[%emt 0:00:21]} Nf6 {[%emt 0:00:41]} 7. Qe2 {[%emt 0:00:33]} Bd6 {[%emt 0:00:28]} 8. Nf3 {[%emt 0:04:21]} Nc6 {[%emt 0:00:42]} 9. O-O {[%emt 0:01:40]} b5 {[%emt 0:09:22]} 10. Re1 {[%emt 0:10:11]} Ng4 {[%emt 0:00:26]} 11. h3 {[%emt 0:05:29]} Nge5 {[%emt 0:04:45]} 12. a4 {[%emt 0:17:07]} b4 {[%emt 0:11:12]} 13. Nd5 $17 {[%emt 0:05:48]} (13. Nxe5 $11 {remains equal.} Nxe5 14. Nd1) 13... Nxf3+ {[%emt 0:05:29]} 14. Qxf3 {[%emt 0:01:59]} exd5 {[%emt 0:01:54]} 15. exd5+ {[%emt 0:00:06]} Ne5 {[%emt 0:14:06]} 16. Bf4 {[%emt 0:10:56]} O-O {[%emt 0:13:55]} 17. Rxe5 {[%emt 0:06:39]} Bxe5 {[%emt 0:00:35]} 18. Qe4 {[%emt 0:00:53]} Re8 {[%emt 0:26:56]} 19. Qxh7+ {[%emt 0:06:59]} Kf8 {[%emt 0:00:02]} 20. Re1 {[%emt 0:10:54]} Bb7 {[%emt 0:07:12]} 21. Qh8+ {[%emt 0:00:58]} Ke7 {[%emt 0:00:05]} 22. Qxg7 {[%emt 0:00:04]} Kd8 {[%emt 0:01:01]} 23. Rxe5 {[%emt 0:01:48]} Qc5 {[%emt 0:01:46]} 24. Qf6+ {[%emt 0:00:43]} 1-0

[Event "23rd Hoogeveen Open 2019"]
[Site "Hoogeveen"]
[Date "2019.10.26"]
[Round "9.4"]
[White "Seul, Georg"]
[Black "Basso, Pier Luigi"]
[Result "1/2-1/2"]
[WhiteElo "2411"]
[BlackElo "2575"]
[Annotator "ChessBase"]
[PlyCount "148"]
[EventDate "2019.10.19"]
[EventType "swiss"]
[EventCountry "NED"]
[SourceTitle "playchess.com"]
[Source "ChessBase"]
[SourceQuality "1"]
[TimeControl "40/5400+30:1800+30"]

1. e4 {[%emt 0:00:00]} Nc6 {[%emt 0:00:00]} 2. d4 {[%emt 0:00:05]} d5 {[%emt 0:04:48]} 3. e5 {[%emt 0:00:08]} f6 {[%emt 0:00:05]} 4. f4 {[%emt 0:03:41]} Nh6 {[%emt 0:00:07]} 5. c3 {[%emt 0:01:12]} Bf5 {[%emt 0:01:09]} 6. Nf3 {[%emt 0:01:06]} e6 {[%emt 0:00:51]} 7. Be2 {[%emt 0:08:02]} Be7 {[%emt 0:02:53]} 8. O-O {[%emt 0:00:18]} O-O {[%emt 0:04:06]} 9. Kh1 {[%emt 0:02:52]} Bg4 {[%emt 0:06:57]} 10. Be3 {[%emt 0:04:39]} fxe5 {[%emt 0:07:25]} 11. fxe5 {[%emt 0:08:09]} Bxf3 {[%emt 0:00:07]} 12. Bxf3 {[%emt 0:01:56]} Bg5 {[%emt 0:00:07]} 13. Bf2 {[%emt 0:04:37]} Ne7 {[%emt 0:04:56]} 14. Na3 {[%emt 0:02:06]} Nef5 {[%emt 0:01:10]} 15. Nc2 {[%emt 0:01:56]} b6 {[%emt 0:00:49]} 16. Be2 {[%emt 0:18:04]} Qe7 {[%emt 0:08:23]} 17. g3 {[%emt 0:03:37]} Qd7 {[%emt 0:07:09]} 18. Bd3 {[%emt 0:01:25]} g6 {[%emt 0:01:05]} 19. Qe2 {[%emt 0:00:11]} Rf7 {[%emt 0:02:06]} 20. Kg2 {[%emt 0:02:45]} Raf8 {[%emt 0:01:24]} 21. Bg1 {[%emt 0:01:16]} Qc8 {[%emt 0:02:42]} 22. Ba6 {[%emt 0:00:48]} Qa8 {[%emt 0:00:16]} 23. Bd3 {[%emt 0:00:31]} Be7 {[%emt 0:02:33]} 24. Qd2 {[%emt 0:14:53]} c5 {[%emt 0:01:07]} 25. Ne1 {[%emt 0:01:32]} Qd8 {[%emt 0:01:22]} 26. Nf3 {[%emt 0:00:29]} g5 {[%emt 0:00:15]} 27. Ne1 {[%emt 0:13:55]} g4 {[%emt 0:01:45]} 28. Nc2 {[%emt 0:00:39]} Kh8 {[%emt 0:01:26]} 29. Rae1 {[%emt 0:01:38]} Qe8 {[%emt 0:00:52]} 30. Qd1 {[%emt 0:00:43]} Rg7 {[%emt 0:03:05]} 31. Ne3 {[%emt 0:00:46]} Qh5 {[%emt 0:01:45]} 32. Nxf5 {[%emt 0:00:14]} Nxf5 {[%emt 0:00:20]} 33. Bxf5 {[%emt 0:00:36]} Rxf5 {[%emt 0:00:11]} 34. Rxf5 {[%emt 0:00:28]} Qxf5 {[%emt 0:00:02]} 35. Qe2 {[%emt 0:00:17]} cxd4 {[%emt 0:02:12]} 36. Bxd4 {[%emt 0:00:24]} Rf7 {[%emt 0:02:25]} 37. Rf1 {[%emt 0:00:06]} Qxf1+ {[%emt 0:00:06]} 38. Qxf1 {[%emt 0:00:02]} Rxf1 {[%emt 0:00:06]} 39. Kxf1 {[%emt 0:00:01]} Kg7 {[%emt 0:03:35]} 40. Ke2 {[%emt 0:01:32]} Bd8 {[%emt 0:01:19]} 41. Kd3 {[%emt 0:18:18]} Kg6 {[%emt 0:00:11]} 42. b4 {[%emt 0:07:27]} a6 {[%emt 0:00:12]} 43. c4 {[%emt 0:00:24]} dxc4+ {[%emt 0:16:31]} 44. Kxc4 {[%emt 0:00:04]} Kf5 {[%emt 0:04:05]} 45. b5 {[%emt 0:00:26]} a5 {[%emt 0:01:23]} 46. Kd3 {[%emt 0:00:47]} a4 {[%emt 0:00:05]} 47. Ke3 {[%emt 0:02:56]} h6 {[%emt 0:06:21]} 48. Kd3 {[%emt 0:00:08]} h5 {[%emt 0:00:03]} 49. Ke3 {[%emt 0:00:06]} Bc7 {[%emt 0:02:06]} 50. Kd3 {[%emt 0:00:05]} Bxe5 {[%emt 0:06:11]} 51. Bxb6 {[%emt 0:00:06]} Bb8 {[%emt 0:00:01]} 52. Be3 {[%emt 0:04:21]} h4 {[%emt 0:02:21]} 53. gxh4 {[%emt 0:00:07]} Bxh2 {[%emt 0:00:02]} 54. h5 {[%emt 0:00:25]} Bc7 {[%emt 0:04:48]} 55. h6 {[%emt 0:00:29]} Kg6 {[%emt 0:00:14]} 56. Ke4 {[%emt 0:00:12]} g3 {[%emt 0:00:07]} 57. Kf3 {[%emt 0:00:18]} Kh7 {[%emt 0:00:09]} 58. Bd2 {[%emt 0:01:24]} Kg6 {[%emt 0:00:22]} 59. Be1 {[%emt 0:01:21]} Kxh6 {[%emt 0:00:07]} 60. Bxg3 {[%emt 0:00:03]} Ba5 {[%emt 0:00:26]} 61. Bf2 {[%emt 0:00:25]} Kg6 {[%emt 0:00:21]} 62. Ke4 {[%emt 0:00:20]} Kf7 {[%emt 0:00:06]} 63. b6 {[%emt 0:00:24]} Bxb6 {[%emt 0:00:33]} 64. Bxb6 {[%emt 0:00:03]} Ke7 {[%emt 0:00:04]} 65. Ke5 {[%emt 0:00:33]} Kd7 {[%emt 0:00:05]} 66. Be3 {[%emt 0:00:30]} Kc6 {[%emt 0:00:05]} 67. Kd4 {[%emt 0:00:14]} Kb7 {[%emt 0:00:03]} 68. Kc4 {[%emt 0:00:06]} e5 {[%emt 0:00:04]} 69. Kb4 {[%emt 0:00:02]} e4 {[%emt 0:00:03]} 70. Kxa4 {[%emt 0:00:03]} Ka8 {[%emt 0:00:04]} 71. Kb5 {[%emt 0:00:11]} Kb7 {[%emt 0:00:04]} 72. a4 {[%emt 0:00:12]} Ka8 {[%emt 0:00:03]} 73. a5 {[%emt 0:00:29]} Kb7 {[%emt 0:00:03]} 74. a6+ {[%emt 0:00:06]} Ka8 {[%emt 0:00:59]} 1/2-1/2

[Event "23rd Hoogeveen Open 2019"]
[Site "Hoogeveen"]
[Date "2019.10.26"]
[Round "9.5"]
[White "Jonkman, Harmen"]
[Black "Vrolijk, Liam"]
[Result "1/2-1/2"]
[WhiteElo "2383"]
[BlackElo "2478"]
[Annotator "ChessBase"]
[PlyCount "36"]
[EventDate "2019.10.19"]
[EventType "swiss"]
[EventCountry "NED"]
[SourceTitle "playchess.com"]
[Source "ChessBase"]
[SourceQuality "1"]
[TimeControl "40/5400+30:1800+30"]

1. e4 {[%emt 0:00:00]} e5 {[%emt 0:00:00]} 2. Nf3 {[%emt 0:00:00]} Nc6 {[%emt 0:00:00]} 3. Bc4 {[%emt 0:00:00]} Nf6 {[%emt 0:00:01]} 4. d3 {[%emt 0:00:08]} Be7 {[%emt 0:00:10]} 5. O-O {[%emt 0:01:33]} O-O {[%emt 0:00:09]} 6. Re1 {[%emt 0:00:24]} d6 {[%emt 0:00:12]} 7. a3 {[%emt 0:02:26]} Kh8 {[%emt 0:07:12]} 8. h3 {[%emt 0:04:37]} Ng8 {[%emt 0:01:54]} 9. Nc3 {[%emt 0:02:14]} f5 {[%emt 0:01:30]} 10. Nd5 {[%emt 0:20:03]} fxe4 {[%emt 0:01:53]} 11. Rxe4 {[%emt 0:08:39]} Nf6 {[%emt 0:04:24]} 12. Re3 {[%emt 0:03:31]} Nxd5 {[%emt 0:06:27]} 13. Bxd5 {[%emt 0:00:02]} Bf6 {[%emt 0:00:27]} 14. Nh2 {[%emt 0:15:00]} Ne7 {[%emt 0:10:11]} 15. Bf3 {[%emt 0:00:08]} Ng6 {[%emt 0:04:07]} 16. Bg4 {[%emt 0:06:27]} Bd7 {[%emt 0:07:45]} 17. Bxd7 {[%emt 0:00:22]} Qxd7 {[%emt 0:00:07]} 18. Qg4 {[%emt 0:00:28]} Qxg4 {[%emt 0:02:02]} 1/2-1/2

[Event "23rd Hoogeveen Open 2019"]
[Site "Hoogeveen"]
[Date "2019.10.26"]
[Round "9.6"]
[White "Bhambure, Shantanu"]
[Black "Romanishin, Oleg M"]
[Result "1/2-1/2"]
[WhiteElo "2291"]
[BlackElo "2441"]
[Annotator "NA"]
[PlyCount "66"]
[EventDate "2019.10.19"]
[EventType "swiss"]
[EventCountry "NED"]
[SourceTitle "playchess.com"]
[Source "ChessBase"]
[SourceQuality "1"]
[TimeControl "40/5400+30:1800+30"]

1. d4 {[%emt 0:00:00]} Nf6 {[%emt 0:00:33]} 2. c4 {[%emt 0:00:00]} e6 {[%emt 0:00:03]} 3. Nf3 {[%emt 0:00:00]} Bb4+ {[%emt 0:00:51]} 4. Nbd2 {[%emt 0:00:00]} b6 {[%emt 0:00:50]} 5. a3 {[%emt 0:00:13]} Bxd2+ {[%emt 0:00:36]} 6. Qxd2 {[%emt 0:00:06]} Bb7 {[%emt 0:00:23]} 7. e3 {[%emt 0:00:16]} a5 {[%emt 0:05:26]} 8. b3 {[%emt 0:00:38]} d6 {[%emt 0:00:13]} 9. Be2 {[%emt 0:00:37]} Nbd7 {[%emt 0:00:07]} 10. O-O {[%emt 0:00:35]} O-O {[%emt 0:04:48]} 11. Bb2 {[%emt 0:00:39]} Qe7 {[%emt 0:08:00]} 12. Qc2 {[%emt 0:09:53]} c5 {[%emt 0:05:45]} 13. Rfd1 {[%emt 0:06:22]} Rac8 {[%emt 0:03:52]} 14. dxc5 $11 {[%emt 0:14:54]} Nxc5 {[%emt 0:03:22]} 15. Nd4 {[%emt 0:09:37]} Rfd8 {[%emt 0:07:07]} 16. f3 {[%emt 0:09:51]} d5 {[%emt 0:08:40]} 17. Rac1 {[%emt 0:03:47]} Ncd7 {[%emt 0:10:20]} 18. Nb5 {[%emt 0:08:39]} Ba6 {[%emt 0:03:15]} 19. a4 {[%emt 0:02:13]} Bxb5 {[%emt 0:01:57]} 20. axb5 {[%emt 0:00:06]} dxc4 {[%emt 0:00:07]} 21. Bxc4 {[%emt 0:03:39]} Nc5 {[%emt 0:04:20]} 22. Qc3 {[%emt 0:06:15]} Ne8 {[%emt 0:03:54]} 23. e4 {[%emt 0:05:25]} a4 {[%emt 0:08:32]} 24. Rxd8 {[%emt 0:13:44]} Qxd8 {[%emt 0:00:24]} 25. Qe3 {[%emt 0:00:48]} Nxb3 {[%emt 0:10:03]} 26. Bxb3 {[%emt 0:00:06]} Rxc1+ {[%emt 0:00:22]} 27. Bxc1 {[%emt 0:00:17]} axb3 {[%emt 0:00:05]} 28. Qxb3 {[%emt 0:00:07]} Qd7 {[%emt 0:05:19]} 29. Be3 {[%emt 0:00:25]} Nc7 {[%emt 0:00:32]} 30. Bxb6 {[%emt 0:00:20]} Nxb5 {[%emt 0:00:13]} 31. Be3 {[%emt 0:01:08]} h6 {[%emt 0:00:30]} 32. h3 {[%emt 0:00:20]} Qc6 {[%emt 0:00:53]} 33. Qd3 {[%emt 0:00:21]} Nd6 {[%emt 0:02:15]} 1/2-1/2

[Event "23rd Hoogeveen Open 2019"]
[Site "Hoogeveen"]
[Date "2019.10.26"]
[Round "9.7"]
[White "Zwirs, Nico"]
[Black "Kaasen, Tor Fredrik"]
[Result "1-0"]
[WhiteElo "2421"]
[BlackElo "2415"]
[Annotator "NA"]
[PlyCount "78"]
[EventDate "2019.10.19"]
[EventType "swiss"]
[EventCountry "NED"]
[SourceTitle "playchess.com"]
[Source "ChessBase"]
[SourceQuality "1"]
[TimeControl "40/5400+30:1800+30"]

1. e4 {[%emt 0:00:00]} c5 {[%emt 0:00:18]} 2. Nf3 {[%emt 0:00:00]} d6 {[%emt 0:00:17]} 3. d4 {[%emt 0:00:00]} cxd4 {[%emt 0:00:08]} 4. Nxd4 {[%emt 0:00:01]} Nf6 {[%emt 0:00:29]} 5. Nc3 {[%emt 0:00:01]} a6 {[%emt 0:00:23]} 6. Be3 {[%emt 0:00:08]} e5 {[%emt 0:02:22]} 7. Nb3 {[%emt 0:00:55]} Be6 {[%emt 0:00:38]} 8. Qd2 {[%emt 0:00:08]} Be7 {[%emt 0:02:30]} 9. f3 {[%emt 0:01:20]} O-O {[%emt 0:00:52]} 10. O-O-O {[%emt 0:00:19]} Nbd7 {[%emt 0:00:14]} 11. g4 {[%emt 0:00:14]} b5 {[%emt 0:00:32]} 12. g5 {[%emt 0:02:39]} Nh5 {[%emt 0:00:31]} 13. Nd5 {[%emt 0:00:15]} Bxd5 {[%emt 0:00:16]} 14. exd5 {[%emt 0:00:02]} f6 {[%emt 0:00:12]} 15. h4 {[%emt 0:01:20]} Ng3 {[%emt 0:00:27]} 16. Rg1 {[%emt 0:00:47]} Nxf1 {[%emt 0:00:36]} 17. Rdxf1 {[%emt 0:00:11]} a5 {[%emt 0:00:24]} 18. g6 {[%emt 0:00:24]} h6 {[%emt 0:04:45]} 19. Bxh6 {[%emt 0:02:49]} f5 {[%emt 0:01:28]} (19... a4 $11 {keeps the balance.} 20. Na1 a3) 20. Be3 {[%emt 0:04:52]} (20. h5 $16 Bf6 21. Bxg7 Bxg7 22. h6) 20... a4 {[%emt 0:05:28]} ({Avoid the trap} 20... Bxh4 $2 21. Qh2 $18) 21. Na1 {[%emt 0:00:59]} f4 {[%emt 0:09:34]} ({But not} 21... Bxh4 $2 22. Qh2 $18) 22. Bf2 {[%emt 0:01:06]} Nf6 $14 {[%emt 0:01:30]} ({Avoid the trap} 22... Bxh4 $2 23. Bxh4 Qxh4 24. Rh1 $18) ({Better is} 22... a3 $15 23. b3 Rc8) 23. h5 {[%emt 0:29:16]} Qa5 {[%emt 0:03:11]} 24. Qd3 {[%emt 0:04:35]} a3 {[%emt 0:09:03]} 25. b3 {[%emt 0:02:27]} Rac8 {[%emt 0:00:53]} 26. Rd1 {[%emt 0:05:27]} Qc3 {[%emt 0:03:50]} 27. Qxc3 {[%emt 0:05:00]} Rxc3 {[%emt 0:00:07]} 28. Rd3 {[%emt 0:00:21]} Rxd3 {[%emt 0:03:29]} 29. cxd3 {[%emt 0:00:27]} Nxd5 {[%emt 0:00:53]} 30. Nc2 {[%emt 0:00:16]} b4 {[%emt 0:06:29]} 31. Be1 {[%emt 0:12:00]} Rb8 {[%emt 0:03:47]} 32. Bd2 {[%emt 0:13:17]} Bd8 {[%emt 0:19:19]} 33. Re1 {[%emt 0:00:56]} Rb5 {[%emt 0:02:37]} 34. Re4 {[%emt 0:02:12]} Ba5 {[%emt 0:00:57]} 35. Rc4 {[%emt 0:01:02]} Rc5 {[%emt 0:09:31]} 36. Nxa3 {[%emt 0:02:31]} Kf8 {[%emt 0:03:44]} 37. Nc2 {[%emt 0:01:49]} Nb6 {[%emt 0:01:15]} 38. Bxb4 {[%emt 0:02:45]} Rd5 {[%emt 0:04:41]} 39. Rc6 {[%emt 0:01:14]} Nd7 {[%emt 0:01:19]} 1-0

[Event "23rd Hoogeveen Open 2019"]
[Site "Hoogeveen"]
[Date "2019.10.26"]
[Round "9.8"]
[White "Morozov, Nichita"]
[Black "Okkes, Menno"]
[Result "1/2-1/2"]
[WhiteElo "2394"]
[BlackElo "2326"]
[Annotator "NA"]
[PlyCount "108"]
[EventDate "2019.10.19"]
[EventType "swiss"]
[EventCountry "NED"]
[SourceTitle "playchess.com"]
[Source "ChessBase"]
[SourceQuality "1"]
[TimeControl "40/5400+30:1800+30"]

1. d4 {[%emt 0:00:00]} Nf6 {[%emt 0:00:00]} 2. c4 {[%emt 0:00:00]} g6 {[%emt 0:00:00]} 3. Nc3 {[%emt 0:00:00]} d5 {[%emt 0:00:06]} 4. Bf4 {[%emt 0:02:12]} Bg7 {[%emt 0:00:20]} 5. e3 {[%emt 0:00:09]} O-O {[%emt 0:01:14]} 6. Rc1 {[%emt 0:00:27]} Be6 {[%emt 0:01:12]} 7. Nf3 {[%emt 0:02:19]} dxc4 {[%emt 0:01:34]} 8. Ng5 {[%emt 0:03:21]} Bd5 {[%emt 0:00:40]} 9. e4 {[%emt 0:02:19]} h6 {[%emt 0:00:12]} 10. exd5 {[%emt 0:00:03]} hxg5 {[%emt 0:00:09]} 11. Bxg5 {[%emt 0:00:02]} Nxd5 {[%emt 0:00:31]} 12. Bxc4 {[%emt 0:04:12]} Nb6 {[%emt 0:00:11]} 13. Bb3 {[%emt 0:00:59]} Nc6 {[%emt 0:00:22]} 14. d5 {[%emt 0:01:17]} Nd4 {[%emt 0:00:12]} 15. O-O {[%emt 0:00:19]} Qd7 {[%emt 0:01:01]} 16. Re1 {[%emt 0:05:14]} Rfe8 {[%emt 0:00:10]} 17. h4 {[%emt 0:10:21]} Rad8 {[%emt 0:00:21]} 18. h5 {[%emt 0:03:33]} gxh5 {[%emt 0:15:13]} 19. Qxh5 {[%emt 0:02:53]} Qf5 $11 {[%emt 0:06:31]} 20. Qh4 {[%emt 0:03:16]} Nxb3 {[%emt 0:11:05]} 21. axb3 {[%emt 0:00:13]} Nxd5 {[%emt 0:00:17]} 22. Nxd5 {[%emt 0:00:30]} Rxd5 {[%emt 0:00:19]} 23. Bxe7 {[%emt 0:01:45]} Rd4 {[%emt 0:17:39]} 24. Qg3 {[%emt 0:01:03]} c6 {[%emt 0:15:33]} 25. Bd6 {[%emt 0:04:21]} Rxe1+ {[%emt 0:02:01]} 26. Rxe1 {[%emt 0:00:04]} Re4 {[%emt 0:00:07]} 27. Rd1 {[%emt 0:04:03]} Rg4 {[%emt 0:05:51]} 28. Qh3 {[%emt 0:01:48]} Rg5 {[%emt 0:00:44]} 29. Qxf5 {[%emt 0:12:16]} Rxf5 {[%emt 0:00:05]} 30. Ba3 {[%emt 0:00:03]} Rd5 {[%emt 0:06:17]} 31. Rxd5 {[%emt 0:01:21]} cxd5 {[%emt 0:00:05]} 32. b4 {[%emt 0:01:05]} a6 {[%emt 0:04:22]} 33. Kf1 {[%emt 0:01:03]} f5 {[%emt 0:00:37]} 34. Ke2 {[%emt 0:00:10]} Bd4 {[%emt 0:00:33]} 35. b3 {[%emt 0:01:02]} Kf7 {[%emt 0:00:06]} 36. Bc1 {[%emt 0:00:54]} Ke6 {[%emt 0:02:34]} 37. Be3 {[%emt 0:00:26]} Bc3 {[%emt 0:01:14]} 38. Bd2 {[%emt 0:00:09]} Bd4 {[%emt 0:00:14]} 39. f3 {[%emt 0:01:09]} Bf6 {[%emt 0:07:40]} 40. Kd3 {[%emt 0:00:13]} Bg7 {[%emt 0:00:42]} 41. g4 {[%emt 0:30:59]} fxg4 {[%emt 0:30:06]} 42. fxg4 {[%emt 0:00:02]} b5 {[%emt 0:01:19]} 43. Be3 {[%emt 0:02:17]} Kf7 {[%emt 0:00:44]} 44. Bd4 {[%emt 0:01:01]} Bf8 {[%emt 0:00:05]} 45. Bc3 {[%emt 0:00:48]} Kg6 {[%emt 0:00:10]} 46. Bd2 {[%emt 0:00:06]} Bg7 {[%emt 0:00:12]} 47. Bf4 {[%emt 0:00:07]} Bf8 {[%emt 0:01:45]} 48. Kd4 {[%emt 0:00:20]} Bxb4 {[%emt 0:00:06]} 49. Kxd5 {[%emt 0:00:02]} a5 {[%emt 0:00:54]} 50. Kc6 {[%emt 0:00:14]} a4 {[%emt 0:00:04]} 51. bxa4 {[%emt 0:00:16]} bxa4 {[%emt 0:00:07]} 52. Kb5 {[%emt 0:00:10]} Bd6 {[%emt 0:01:49]} 53. Bxd6 {[%emt 0:00:07]} Kg5 {[%emt 0:00:04]} 54. Kxa4 {[%emt 0:00:03]} Kxg4 {[%emt 0:00:06]} 1/2-1/2

[Event "23rd Hoogeveen Open 2019"]
[Site "Hoogeveen"]
[Date "2019.10.26"]
[Round "9.9"]
[White "Vestby-Ellingsen, Mads"]
[Black "Grooten, Herman"]
[Result "1/2-1/2"]
[WhiteElo "2363"]
[BlackElo "2274"]
[Annotator "NA"]
[PlyCount "138"]
[EventDate "2019.10.19"]
[EventType "swiss"]
[EventCountry "NED"]
[SourceTitle "playchess.com"]
[Source "ChessBase"]
[SourceQuality "1"]
[TimeControl "40/5400+30:1800+30"]

1. d4 {[%emt 0:00:00]} Nf6 {[%emt 0:00:00]} 2. c4 {[%emt 0:00:00]} e6 {[%emt 0:00:00]} 3. Nf3 {[%emt 0:00:00]} b6 {[%emt 0:00:00]} 4. g3 {[%emt 0:00:15]} Ba6 {[%emt 0:00:05]} 5. Qc2 {[%emt 0:00:20]} Bb7 {[%emt 0:14:18]} 6. Bg2 {[%emt 0:00:20]} Nc6 {[%emt 0:01:04]} 7. O-O {[%emt 0:02:18]} Nb4 {[%emt 0:02:17]} 8. Qd1 {[%emt 0:04:36]} d5 {[%emt 0:02:15]} 9. a3 {[%emt 0:06:13]} Na6 {[%emt 0:02:09]} 10. cxd5 {[%emt 0:07:16]} exd5 {[%emt 0:00:13]} 11. Nc3 {[%emt 0:01:01]} Be7 {[%emt 0:05:46]} 12. Bg5 {[%emt 0:01:16]} O-O {[%emt 0:00:38]} 13. Rc1 {[%emt 0:03:36]} c6 $14 {[%emt 0:14:10]} 14. e3 {[%emt 0:08:28]} Nc7 {[%emt 0:01:10]} 15. Ne5 {[%emt 0:04:11]} Ne6 {[%emt 0:05:08]} 16. Bxf6 {[%emt 0:00:20]} Bxf6 {[%emt 0:00:09]} 17. Nd3 {[%emt 0:00:26]} Qe7 {[%emt 0:05:57]} 18. Qd2 {[%emt 0:17:14]} Rfd8 {[%emt 0:00:17]} 19. Rfd1 {[%emt 0:02:34]} h5 {[%emt 0:03:25]} 20. h4 {[%emt 0:05:02]} g6 {[%emt 0:01:19]} 21. Ne2 {[%emt 0:01:33]} Ng7 {[%emt 0:04:20]} 22. Rc2 {[%emt 0:04:39]} Nf5 {[%emt 0:04:18]} 23. Rdc1 {[%emt 0:08:08]} a5 {[%emt 0:02:58]} 24. Nef4 {[%emt 0:00:35]} Nd6 {[%emt 0:02:31]} 25. Rxc6 {[%emt 0:11:45]} Bxc6 {[%emt 0:01:05]} 26. Rxc6 {[%emt 0:00:08]} Ne4 {[%emt 0:01:05]} 27. Qc2 {[%emt 0:00:26]} Rd6 {[%emt 0:06:14]} 28. Rxb6 {[%emt 0:05:06]} Rxb6 {[%emt 0:06:08]} 29. Nxd5 {[%emt 0:00:09]} Qe6 {[%emt 0:03:03]} 30. Nxb6 {[%emt 0:00:55]} Rb8 {[%emt 0:00:38]} 31. Bxe4 {[%emt 0:01:54]} Qxb6 {[%emt 0:01:51]} 32. Bd5 {[%emt 0:01:19]} Qd6 {[%emt 0:05:08]} 33. Nf4 {[%emt 0:01:21]} Kf8 {[%emt 0:00:33]} 34. Qc4 {[%emt 0:02:07]} Qd7 {[%emt 0:01:54]} 35. b3 {[%emt 0:00:57]} Rc8 {[%emt 0:00:17]} 36. Qa6 {[%emt 0:00:06]} Rc1+ {[%emt 0:00:43]} 37. Kh2 {[%emt 0:00:21]} Bd8 {[%emt 0:01:11]} 38. Qb7 {[%emt 0:01:32]} Qxb7 {[%emt 0:02:09]} 39. Bxb7 {[%emt 0:00:06]} Be7 {[%emt 0:00:12]} 40. a4 {[%emt 0:00:10]} Bb4 {[%emt 0:01:12]} 41. Bd5 {[%emt 0:03:43]} Rc2 {[%emt 0:01:43]} 42. Kg2 {[%emt 0:03:21]} Kg7 {[%emt 0:00:38]} 43. Bc4 {[%emt 0:00:31]} f6 {[%emt 0:01:11]} 44. Nd3 {[%emt 0:06:40]} Bd6 {[%emt 0:00:53]} 45. e4 {[%emt 0:02:15]} Bc7 {[%emt 0:01:59]} 46. d5 {[%emt 0:10:38]} Bb8 {[%emt 0:04:45]} 47. Kf1 {[%emt 0:00:31]} Ra2 {[%emt 0:01:35]} 48. f4 {[%emt 0:02:51]} Rd2 {[%emt 0:04:06]} 49. e5 {[%emt 0:03:20]} fxe5 {[%emt 0:00:34]} 50. fxe5 {[%emt 0:01:52]} Rxd3 {[%emt 0:08:24]} 51. Bxd3 {[%emt 0:00:06]} Bxe5 {[%emt 0:00:03]} 52. Kf2 {[%emt 0:00:35]} Bd6 {[%emt 0:00:47]} 53. Kf3 {[%emt 0:00:50]} Kf6 {[%emt 0:04:30]} 54. Bb5 {[%emt 0:00:32]} Kf7 {[%emt 0:01:10]} 55. g4 {[%emt 0:00:28]} hxg4+ {[%emt 0:00:09]} 56. Kxg4 {[%emt 0:00:05]} Be7 {[%emt 0:00:43]} 57. Kf4 {[%emt 0:00:52]} Bxh4 {[%emt 0:00:32]} 58. Ke5 {[%emt 0:00:35]} Bg3+ {[%emt 0:00:07]} 59. Kd4 {[%emt 0:00:05]} Bd6 {[%emt 0:00:34]} 60. Be2 {[%emt 0:00:35]} Ke7 {[%emt 0:00:09]} 61. Bg4 {[%emt 0:00:22]} Bb4 {[%emt 0:00:16]} 62. Kc4 {[%emt 0:00:10]} Kd6 {[%emt 0:00:08]} 63. Be6 {[%emt 0:00:12]} g5 {[%emt 0:00:16]} 64. Kd4 {[%emt 0:00:08]} Bc5+ {[%emt 0:00:33]} 65. Ke4 {[%emt 0:00:08]} Bb4 {[%emt 0:00:11]} 66. Kf5 {[%emt 0:00:10]} Bd2 {[%emt 0:00:12]} 67. Kg4 {[%emt 0:00:21]} Ke5 {[%emt 0:00:20]} 68. Bf7 {[%emt 0:00:15]} Kf6 {[%emt 0:00:26]} 69. Bg8 {[%emt 0:00:28]} Bb4 {[%emt 0:00:23]} 1/2-1/2